Countries with number of biggest mosques - Statistics

General Stats
  • This quiz has been taken 26 times
  • The average score is 18 of 23
Answer Stats
No. of
Mosques
Countries % Correct
5 India
100%
3 Iran
100%
8 Pakistan
100%
1 UAE
100%
1 Oman
96%
5 Türkiye
96%
3 Algeria
92%
1 Qatar
92%
2 Saudi Arabia
92%
1 Yemen
92%
3 Egypt
88%
11 Indonesia
88%
1 Morocco
84%
1 Syria
84%
1 China
80%
1 Kazakhstan
76%
2 Russia
76%
6 Malaysia
72%
1 Nigeria
68%
1 Bangladesh
64%
1 Senegal
48%
1 Philippines
20%
1 Guinea
16%
No matching quizzes found
Score Distribution
Percent of People with Each Score
Percentile by Number Answered
Your Score History
You have not taken this quiz